000 00720nam a2200241 i 4500
001 bgj
245 1 0 _aVon deutscher Art :
_bwas in den Köpfen derer steckte, die sich einen Führer wünschten ; ein Familienalbum vom Dachboden /
_chrsg. von Gert Loschütz.
260 _aDarmstadt :
_bLuchterhand,
_c1982.
300 _a159 s. :
_bil. ;
_c18 cm.
490 1 _aSammlung Luchterhand
_v440
650 9 _aNauki społeczne
651 9 _aNiemcy
_xspołeczeństwo
700 1 _aLOSCHÜTZ, Gert.
830 _aSammlung Luchterhand
020 _a3472614404
040 _cBPK
041 0 _ager
044 _aDEU
080 _a3
920 _a3-472-61440-4
942 _cKS
008 s gw f |000 0 ger
999 _c50648
_d50648
856 _uhttp://koha.tu.koszalin.pl/cgi-bin/koha/opac-detail.pl?biblionumber=50648
_yKatalog online BPK